000 00654nam a2200241Ia 4500
003 OSt
005 20220918222302.0
006 a|||||r|||| 00| 0
007 ta
008 220917b |||||||| |||| 00| 0 eng d
024 _a216,344
037 _cTextual
040 _aARTS
_cARTS
_beng
041 _2eng
_aeng
082 _aW94:(Y7), N1
100 _aBrass Paul R.
_9104227
245 0 _aEthnicity and nationalism
_b theory and comparison
260 _aNew Delhi
_bSage publications
_c1996
300 _a358p
_ccm.
650 _aPOLITICAL SCIENCE
942 _hW94:(Y7), N1
_cTEXL
_2CC
999 _c275086
_d275086